[Event "URS Army-ch"]
[Site "Khabarovsk"]
[Date "1990.??.??"]
[Round "?"]
[White "Kharlov, Andrei"]
[Black "Gogichaishvili, Giorgi"]
[Result "1/2-1/2"]
[WhiteElo "2425"]
[BlackElo "2310"]
[PlyCount "98"]
[EventDate "1990.??.??"]
[EventType "tourn"]
[EventRounds "12"]
[EventCountry "URS"]
[EventCategory "3"]
[SourceTitle "EXT 1997"]
[Source "ChessBase"]
[SourceDate "1996.11.15"]
[SourceVersion "1"]
[SourceVersionDate "1996.11.15"]
[SourceQuality "1"]

1. d4 Nf6 2. c4 e6 3. Nc3 Bb4 4. Qc2 Nc6 5. Nf3 d5 6. cxd5 exd5 7. Bg5 h6 8.
Bxf6 Qxf6 9. e3 O-O 10. Be2 Ne7 11. a3 Bd6 12. Nb5 Bf5 13. Bd3 Bxd3 14. Qxd3
Nf5 15. h4 Rfe8 16. Rh3 c6 17. Nc3 h5 18. O-O-O Nh6 19. Ng5 Qf5 20. Qe2 Qg6 21.
Rf3 f6 22. Nh3 Qg4 23. Qc2 Qxh4 24. Nf4 Bxf4 25. Rxf4 Qg5 26. Ne2 f5 27. Rf3
Qxg2 28. Ng1 Re7 29. Qc5 Re6 30. Kb1 g6 31. Ka2 Ng4 32. Rf4 b6 33. Qc1 Rc8 34.
Re1 Re4 35. Ne2 Rxf4 36. Nxf4 Qxf2 37. Nxg6 Kf7 38. Nf4 Nf6 39. Rf1 Qh4 40. Rg1
c5 41. Qc2 Rg8 42. Rxg8 Kxg8 43. Qxf5 cxd4 44. Ng6 Qe4 45. Qxf6 dxe3 46. Qf8+
Kh7 47. Nf4 Qc4+ 48. Kb1 Qf1+ 49. Kc2 Qc4+ 1/2-1/2

[Event "URS Army-ch"]
[Site "Khabarovsk"]
[Date "1990.??.??"]
[Round "?"]
[White "Kharlov, Andrei"]
[Black "Graf, Alexander"]
[Result "0-1"]
[WhiteElo "2425"]
[BlackElo "2415"]
[PlyCount "86"]
[EventDate "1990.??.??"]
[EventType "tourn"]
[EventRounds "12"]
[EventCountry "URS"]
[EventCategory "3"]
[SourceTitle "EXT 1997"]
[Source "ChessBase"]
[SourceDate "1996.11.15"]
[SourceVersion "1"]
[SourceVersionDate "1996.11.15"]
[SourceQuality "1"]

1. e4 e5 2. Nf3 Nc6 3. Bb5 a6 4. Ba4 Nf6 5. O-O Be7 6. Re1 b5 7. Bb3 d6 8. c3
O-O 9. d3 Na5 10. Bc2 c5 11. Nbd2 Re8 12. Nf1 Bf8 13. Bg5 h6 14. Bh4 g6 15. d4
exd4 16. cxd4 cxd4 17. Nxd4 Bb7 18. f3 Nc4 19. b3 Ne5 20. Ne3 Bg7 21. Qd2 d5
22. Nxd5 Bxd5 23. exd5 Qxd5 24. Rad1 Rac8 25. Bb1 Rcd8 26. Qc1 Rc8 27. Qa3 Qb7
28. Kh1 Qb6 29. Nc2 Qb7 30. Ne3 Nxf3 31. gxf3 Qxf3+ 32. Ng2 Ng4 33. Rc1 Rxe1+
34. Rxe1 Be5 35. Qxa6 Rc5 36. Bxg6 Kg7 37. Bxf7 Qxf7 38. Qa8 Rc3 39. Qd8 Rh3
40. Qe7 Rxh2+ 41. Kg1 Bd4+ 42. Ne3 Qxe7 43. Bxe7 Rxa2 0-1

[Event "URS Army-ch"]
[Site "Khabarovsk"]
[Date "1990.??.??"]
[Round "?"]
[White "Kharlov, Andrei"]
[Black "Semeniuk, Alexander"]
[Result "1/2-1/2"]
[WhiteElo "2425"]
[BlackElo "2340"]
[PlyCount "47"]
[EventDate "1990.??.??"]
[EventType "tourn"]
[EventRounds "12"]
[EventCountry "URS"]
[EventCategory "3"]
[SourceTitle "EXT 1997"]
[Source "ChessBase"]
[SourceDate "1996.11.15"]
[SourceVersion "1"]
[SourceVersionDate "1996.11.15"]
[SourceQuality "1"]

1. d4 Nf6 2. c4 c5 3. d5 e6 4. Nc3 exd5 5. cxd5 d6 6. e4 g6 7. Nf3 Bg7 8. Bd3
O-O 9. O-O a6 10. a4 Bg4 11. h3 Bxf3 12. Qxf3 Re8 13. Re1 Nbd7 14. Qd1 Rc8 15.
Be3 Qa5 16. Bd2 c4 17. Bc2 Nc5 18. Kh1 Qd8 19. Bg5 b5 20. axb5 axb5 21. Nxb5
Ncxe4 22. Bxe4 Rxe4 23. Qf3 Qe8 24. Red1 1/2-1/2

[Event "URS Army-ch"]
[Site "Khabarovsk"]
[Date "1990.??.??"]
[Round "?"]
[White "Kharlov, Andrei"]
[Black "Varavin, Viktor"]
[Result "1/2-1/2"]
[WhiteElo "2425"]
[BlackElo "2300"]
[PlyCount "117"]
[EventDate "1990.??.??"]
[EventType "tourn"]
[EventRounds "12"]
[EventCountry "URS"]
[EventCategory "3"]
[SourceTitle "EXT 1997"]
[Source "ChessBase"]
[SourceDate "1996.11.15"]
[SourceVersion "1"]
[SourceVersionDate "1996.11.15"]
[SourceQuality "1"]

1. e4 e5 2. Nf3 Nc6 3. Bb5 a6 4. Ba4 d6 5. d4 Bd7 6. O-O b5 7. Bb3 Nxd4 8. Nxd4
exd4 9. Qh5 Qf6 10. c3 c5 11. Bg5 Qg6 12. Qxg6 hxg6 13. cxd4 Be7 14. Bxe7 Nxe7
15. Rd1 c4 16. Bc2 O-O 17. Nc3 b4 18. Ne2 a5 19. f3 Rfb8 20. Kf2 g5 21. Rac1 g6
22. Bb1 Rc8 23. Ng3 Rab8 24. Bc2 Kg7 25. Re1 Rb7 26. Ne2 Rbc7 27. d5 Rc5 28.
Ke3 f5 29. a3 Kf6 30. axb4 axb4 31. Ra1 f4+ 32. Kf2 Ke5 33. Ba4 R8c7 34. Bxd7
Rxd7 35. g3 c3 36. bxc3 bxc3 37. gxf4+ gxf4 38. Nc1 Rb5 39. Nd3+ Kd4 40. Nxf4
Rb2+ 41. Ne2+ Kd3 42. Ra4 Rc7 43. Rd4+ Kc2 44. Ke3 g5 45. Rc1+ Kb3 46. Rd3
Rxe2+ 47. Kxe2 Ng6 48. Kd1 Nf4 49. Rd4 c2+ 50. Kd2 Rc3 51. Rf1 c1=Q+ 52. Rxc1
Rxc1 53. Kxc1 Ne2+ 54. Kd2 Nxd4 55. Ke3 Nc2+ 56. Kf2 Kc4 57. f4 Kd4 58. e5 Kxd5
59. exd6 1/2-1/2

[Event "Vladivostok op"]
[Site "Vladivostok"]
[Date "1990.??.??"]
[Round "?"]
[White "Frog, Ilya"]
[Black "Kharlov, Andrei"]
[Result "1/2-1/2"]
[WhiteElo "2385"]
[BlackElo "2425"]
[PlyCount "102"]
[EventDate "1990.??.??"]
[SourceTitle "EXT 1997"]
[Source "ChessBase"]
[SourceDate "1996.11.15"]
[SourceVersion "1"]
[SourceVersionDate "1996.11.15"]
[SourceQuality "1"]

1. c4 e6 2. Nc3 d5 3. d4 c6 4. Nf3 dxc4 5. e3 b5 6. a4 Bb4 7. Ne5 Qe7 8. Be2
Bb7 9. O-O a6 10. axb5 axb5 11. Rxa8 Bxa8 12. Bd2 Nf6 13. Qa1 Bb7 14. Qa7 O-O
15. Bf3 Bxc3 16. bxc3 Qc7 17. Rb1 Nfd7 18. Nxc4 Na6 19. Nd6 Qxd6 20. Qxb7 Ndb8
21. Bc1 e5 22. g3 Qg6 23. Rb2 Qd3 24. Bd2 b4 25. cxb4 Qa3 26. Rb1 Qd3 27. Rb2
Qa3 28. Rb1 Qd3 29. Rd1 e4 30. Bg4 f5 31. Bh5 g6 32. b5 gxh5 33. bxa6 Qxa6 34.
Qb3+ Kg7 35. d5 Qb5 36. Qxb5 cxb5 37. Rb1 Nd7 38. Rxb5 Rb8 39. Ra5 Kf7 40. Bc3
Rb7 41. Bd4 Nf6 42. d6 Kg6 43. Re5 Ng4 44. Re8 Kf7 45. Rd8 Ke6 46. Kg2 Rd7 47.
Rf8 Rxd6 48. h3 Nh6 49. Bg7 Nf7 50. Re8+ Kd7 51. Ra8 Ke6 1/2-1/2

[Event "Vladivostok op"]
[Site "Vladivostok"]
[Date "1990.??.??"]
[Round "?"]
[White "Kharlov, Andrei"]
[Black "Anikaev, Yuri"]
[Result "1-0"]
[WhiteElo "2425"]
[BlackElo "2445"]
[PlyCount "99"]
[EventDate "1990.??.??"]
[SourceTitle "EXT 1997"]
[Source "ChessBase"]
[SourceDate "1996.11.15"]
[SourceVersion "1"]
[SourceVersionDate "1996.11.15"]
[SourceQuality "1"]

1. e4 c5 2. Nf3 e6 3. c3 d5 4. e5 Ne7 5. d4 Nec6 6. Bd3 Nd7 7. O-O Be7 8. Re1
cxd4 9. cxd4 Nb6 10. Nc3 Bd7 11. Ne2 a5 12. Nf4 g6 13. Nh3 h6 14. Nf4 Rg8 15.
Be3 Nb4 16. Bb1 Nc4 17. Bc1 a4 18. a3 Nc6 19. Bc2 b5 20. g4 Qb6 21. Kh1 Qa7 22.
Ne2 Rh8 23. Nf4 Rg8 24. Rg1 b4 25. axb4 Nxb4 26. Bxa4 Bxa4 27. b3 Nb6 28. bxa4
Qd7 29. Ne2 Rh8 30. Nc3 Kf8 31. Rg3 Kg8 32. Rh3 Bf8 33. Ng1 Nc6 34. Nge2 Nc4
35. Rb1 Qa7 36. f4 Bb4 37. Ra1 Bxc3 38. Rxc3 h5 39. f5 hxg4 40. fxg6 fxg6 41.
Rg3 Qf7 42. Nf4 Rh4 43. Ng2 Rh3 44. Rxg4 Qf5 45. Nh4 Qd3 46. Rxg6+ Kf7 47. Qh5
Rh8 48. Rh6+ Ke7 49. Bg5+ Kd7 50. Qf7+ 1-0

[Event "Vladivostok op"]
[Site "Vladivostok"]
[Date "1990.??.??"]
[Round "?"]
[White "Kharlov, Andrei"]
[Black "Kazak, Viktor"]
[Result "0-1"]
[WhiteElo "2425"]
[BlackElo "2320"]
[PlyCount "146"]
[EventDate "1990.??.??"]
[SourceTitle "EXT 1997"]
[Source "ChessBase"]
[SourceDate "1996.11.15"]
[SourceVersion "1"]
[SourceVersionDate "1996.11.15"]
[SourceQuality "1"]

1. e4 e5 2. Nf3 Nc6 3. Bb5 a6 4. Ba4 Nf6 5. O-O Be7 6. Re1 b5 7. Bb3 d6 8. c3
O-O 9. d3 Na5 10. Bc2 c5 11. Nbd2 Qc7 12. Nf1 Re8 13. h3 Bb7 14. Ng3 g6 15. Bh6
Nc6 16. Qd2 Bf8 17. Bxf8 Rxf8 18. Qh6 Qe7 19. Ng5 Nd8 20. Re3 Ne6 21. Nh5 gxh5
22. Rf3 Nxg5 23. Qxg5+ Kh8 24. Qxf6+ Qxf6 25. Rxf6 Rad8 26. Rh6 f5 27. exf5
Rxf5 28. d4 e4 29. Re1 Kg7 30. Re6 Kf7 31. Bxe4 Kxe6 32. Bxb7+ Kf6 33. Be4 Re8
34. Re3 cxd4 35. cxd4 Rf4 36. Bf3 Rc8 37. d5 Rc1+ 38. Kh2 Rc2 39. Re6+ Kg5 40.
Rxd6 Rxf2 41. Kg3 Rxb2 42. h4+ Rxh4 43. Re6 Rd4 44. Re5+ Kf6 45. Re6+ Kf5 46.
Rxa6 h4+ 47. Kh2 b4 48. Ra5 Ke5 49. Kh3 Rb1 50. Kh2 Rc1 51. Ra6 Rc2 52. Kh3 Rc1
53. Kh2 Rc3 54. Re6+ Kf5 55. Re7 Kf6 56. Re6+ Kf7 57. Re2 Rcd3 58. Rc2 Ke7 59.
Re2+ Kd7 60. Re6 Ra3 61. Re2 Kc7 62. Re7+ Kb6 63. Re2 Kb5 64. Rc2 Ka4 65. Re2
Rad3 66. Re7 Ka3 67. Be2 Rc3 68. Ra7+ Kb2 69. d6 Rxd6 70. Bh5 h3 71. Rb7 Rd4
72. Bf7 hxg2 73. Re7 Rc2 0-1

[Event "Vladivostok op"]
[Site "Vladivostok"]
[Date "1990.??.??"]
[Round "?"]
[White "Kharlov, Andrei"]
[Black "Nevostrujev, Vladimir"]
[Result "1/2-1/2"]
[WhiteElo "2425"]
[BlackElo "2300"]
[PlyCount "28"]
[EventDate "1990.??.??"]
[SourceTitle "EXT 1997"]
[Source "ChessBase"]
[SourceDate "1996.11.15"]
[SourceVersion "1"]
[SourceVersionDate "1996.11.15"]
[SourceQuality "1"]

1. d4 g6 2. e4 Bg7 3. Nf3 d6 4. c3 Nf6 5. Bd3 O-O 6. O-O c5 7. dxc5 dxc5 8. e5
Ng4 9. Bf4 Nc6 10. Re1 c4 11. Bxc4 Ngxe5 12. Nxe5 Qxd1 13. Rxd1 Nxe5 14. Be2
Bf5 1/2-1/2

[Event "Vladivostok op"]
[Site "Vladivostok"]
[Date "1990.??.??"]
[Round "?"]
[White "Kozlov, Vladimir"]
[Black "Kharlov, Andrei"]
[Result "0-1"]
[WhiteElo "2375"]
[BlackElo "2425"]
[PlyCount "64"]
[EventDate "1990.??.??"]
[SourceTitle "EXT 1997"]
[Source "ChessBase"]
[SourceDate "1996.11.15"]
[SourceVersion "1"]
[SourceVersionDate "1996.11.15"]
[SourceQuality "1"]

1. d4 f5 2. Bg5 h6 3. Bf4 Nf6 4. g3 d6 5. Bg2 c6 6. Nc3 g5 7. Bc1 Bg7 8. e4 e5
9. dxe5 dxe5 10. Qxd8+ Kxd8 11. h4 g4 12. Nge2 Kc7 13. Be3 Be6 14. Nc1 fxe4 15.
Nb3 Nbd7 16. Nd2 Nd5 17. Ncxe4 Nxe3 18. fxe3 Bf8 19. Rf1 Be7 20. Ke2 Nb6 21. b3
Nd7 22. c4 Rhf8 23. Nc3 Nf6 24. Rac1 Nh5 25. Nde4 Ba3 26. Rxf8 Rxf8 27. Rf1 Bf5
28. c5 b6 29. cxb6+ axb6 30. Rf2 Bb4 31. Kd3 Nxg3 32. Kc4 Bxc3 0-1

[Event "Vladivostok op"]
[Site "Vladivostok"]
[Date "1990.??.??"]
[Round "?"]
[White "Sutorikhin, Jevgenij"]
[Black "Kharlov, Andrei"]
[Result "0-1"]
[WhiteElo "2320"]
[BlackElo "2425"]
[PlyCount "84"]
[EventDate "1990.??.??"]
[SourceTitle "EXT 1997"]
[Source "ChessBase"]
[SourceDate "1996.11.15"]
[SourceVersion "1"]
[SourceVersionDate "1996.11.15"]
[SourceQuality "1"]

1. d4 f5 2. c4 Nf6 3. Nc3 e6 4. Nf3 Bb4 5. Qb3 a5 6. a3 Bxc3+ 7. Qxc3 O-O 8. b3
b6 9. g3 Bb7 10. Bg2 d6 11. O-O Ne4 12. Qc2 Nd7 13. Bb2 Ndf6 14. Rad1 Qe8 15.
Ne1 Qh5 16. Nd3 Ng4 17. h3 Ngf6 18. Nf4 Qf7 19. d5 e5 20. Ne6 Rfe8 21. Kh2 c6
22. f3 Nxg3 23. Kxg3 cxd5 24. f4 Qxe6 25. fxe5 f4+ 26. Kh2 dxe5 27. Rg1 Rad8
28. cxd5 Bxd5 29. Bxd5 Rxd5 30. Rxd5 Qxd5 31. Qc7 Nd7 32. Rg5 h6 33. Rg6 Re6
34. Rg2 Rc6 35. Qd8+ Kh7 36. Qe7 Rg6 37. Rxg6 Kxg6 38. h4 Kh7 39. h5 Qd2 40.
Kh1 Qe1+ 41. Kg2 Qxe2+ 42. Kg1 f3 0-1

[Event "Vladivostok op"]
[Site "Vladivostok"]
[Date "1990.??.??"]
[Round "?"]
[White "Tseshkovsky, Vitaly"]
[Black "Kharlov, Andrei"]
[Result "0-1"]
[WhiteElo "2490"]
[BlackElo "2425"]
[PlyCount "90"]
[EventDate "1990.??.??"]
[SourceTitle "EXT 1997"]
[Source "ChessBase"]
[SourceDate "1996.11.15"]
[SourceVersion "1"]
[SourceVersionDate "1996.11.15"]
[SourceQuality "1"]

1. e4 c5 2. Nf3 Nc6 3. d4 cxd4 4. Nxd4 Nf6 5. Nc3 e5 6. Ndb5 d6 7. Bg5 a6 8.
Na3 b5 9. Bxf6 gxf6 10. Nd5 Bg7 11. g3 f5 12. Bg2 fxe4 13. Bxe4 Be6 14. c3 O-O
15. Nc2 f5 16. Bg2 Kh8 17. O-O a5 18. Qd2 Rb8 19. Rad1 Qd7 20. f4 b4 21. cxb4
axb4 22. Ncxb4 Nxb4 23. Nxb4 e4 24. a3 d5 25. g4 d4 26. Rfe1 e3 27. Qd3 fxg4
28. Be4 Rxf4 29. Rf1 Rbf8 30. Rxf4 Rxf4 31. Rf1 Qf7 32. Qa6 Be5 33. Bg2 Rf2 34.
Nd3 Rxg2+ 35. Kxg2 Bd5+ 36. Kg1 Bxh2+ 37. Kxh2 Qxf1 38. Qc8+ Bg8 39. Qd8 Qh3+
40. Kg1 Qg3+ 41. Kh1 Qf3+ 42. Kg1 h5 43. Qxd4+ Kh7 44. Nf4 Qf2+ 45. Kh1 Qe1+
0-1

[Event "Vladivostok op"]
[Site "Vladivostok"]
[Date "1990.??.??"]
[Round "?"]
[White "Yakovich, Yuri"]
[Black "Kharlov, Andrei"]
[Result "1/2-1/2"]
[WhiteElo "2520"]
[BlackElo "2425"]
[PlyCount "84"]
[EventDate "1990.??.??"]
[SourceTitle "EXT 1997"]
[Source "ChessBase"]
[SourceDate "1996.11.15"]
[SourceVersion "1"]
[SourceVersionDate "1996.11.15"]
[SourceQuality "1"]

1. d4 Nf6 2. c4 d6 3. Nf3 g6 4. g3 Bg7 5. Bg2 O-O 6. O-O c6 7. Nc3 Nbd7 8. e4
e5 9. h3 Qb6 10. Re1 exd4 11. Nxd4 Nc5 12. Nb3 Nxb3 13. axb3 Be6 14. Bf4 Rfd8
15. Re2 Ne8 16. Rd2 a6 17. Bg5 Rd7 18. Na4 Qc7 19. Be3 c5 20. Nc3 Rb8 21. f4 b5
22. Qf1 Re7 23. Rxa6 bxc4 24. bxc4 Qb7 25. Ra5 Bxc3 26. bxc3 Qb3 27. Rb5 Rxb5
28. cxb5 Qxc3 29. Qf2 f6 30. b6 Rb7 31. Rb2 Bb3 32. e5 Rxb6 33. exd6 Rxd6 34.
Bxc5 Rd1+ 35. Kh2 Bf7 36. Qe2 Re1 37. Qb5 h5 38. Bc6 Rc1 39. Bxe8 Qxc5 40.
Bxf7+ Kxf7 41. Qd7+ Qe7 42. Qd5+ Kg7 1/2-1/2

[Event "Cheliabinsk op"]
[Site "Cheliabinsk"]
[Date "1991.??.??"]
[Round "?"]
[White "Kharlov, Andrei"]
[Black "Badjarani, Ilgar"]
[Result "1-0"]
[WhiteElo "2450"]
[BlackElo "2255"]
[PlyCount "63"]
[EventDate "1991.??.??"]
[EventType "swiss"]
[EventRounds "9"]
[EventCountry "URS"]
[SourceTitle "EXT 2000"]
[Source "ChessBase"]
[SourceDate "1999.11.16"]
[SourceVersion "1"]
[SourceVersionDate "1999.11.16"]
[SourceQuality "1"]

1. f4 d5 2. b3 Nf6 3. Bb2 Bf5 4. Nf3 e6 5. e3 Be7 6. Be2 c5 7. O-O Nc6 8. Nh4
O-O 9. Nxf5 exf5 10. Bf3 Ne4 11. d3 Nf6 12. Nd2 Re8 13. Re1 Qd7 14. Nf1 Rad8
15. Qd2 c4 16. a3 Qe6 17. Qc3 b5 18. dxc4 dxc4 19. Ng3 Bc5 20. Kh1 Rd6 21. bxc4
b4 22. Qb3 bxa3 23. Bxa3 Nd4 24. Qc3 Nxf3 25. gxf3 Rc6 26. Bb2 Bb6 27. Ra4 Rec8
28. Qd3 Rxc4 29. Rxc4 Rxc4 30. Bxf6 gxf6 31. Nxf5 Qc6 32. Ne7+ 1-0

[Event "Cheliabinsk op"]
[Site "Cheliabinsk"]
[Date "1991.??.??"]
[Round "?"]
[White "Kharlov, Andrei"]
[Black "Tunik, Gennady"]
[Result "1-0"]
[WhiteElo "2450"]
[BlackElo "2445"]
[PlyCount "79"]
[EventDate "1991.??.??"]
[EventType "swiss"]
[EventRounds "9"]
[EventCountry "URS"]
[SourceTitle "EXT 2000"]
[Source "ChessBase"]
[SourceDate "1999.11.16"]
[SourceVersion "1"]
[SourceVersionDate "1999.11.16"]
[SourceQuality "1"]

1. e4 c5 2. Nf3 e6 3. c3 d5 4. e5 d4 5. cxd4 cxd4 6. Bb5+ Bd7 7. Nxd4 Qg5 8.
Nf3 Qxg2 9. Rg1 Qxg1+ 10. Nxg1 Bxb5 11. Nc3 Bc6 12. Nge2 Ne7 13. Nd4 Nd7 14.
Ndb5 Bxb5 15. Nxb5 Nd5 16. d4 a6 17. Nc3 Bb4 18. Bd2 Bxc3 19. bxc3 b5 20. Qg4
g6 21. a4 O-O 22. Qe2 Nc7 23. Qe4 Nb6 24. axb5 axb5 25. Rxa8 Rxa8 26. Qb7 Ncd5
27. Qc6 Rc8 28. Qxb5 Kg7 29. Kf1 h6 30. Ke1 Nc4 31. Bc1 Nxc3 32. Qb7 Rd8 33.
Qb3 Rxd4 34. Qxc3 Rh4 35. Kf1 Nb6 36. Ba3 Nc4 37. Be7 Rf4 38. Bf6+ Kh7 39. Kg2
h5 40. Qd3 1-0

[Event "Cheliabinsk op"]
[Site "Cheliabinsk"]
[Date "1991.??.??"]
[Round "?"]
[White "Pedersen, Steffen"]
[Black "Kharlov, Andrei"]
[Result "1/2-1/2"]
[WhiteElo "2280"]
[BlackElo "2450"]
[PlyCount "88"]
[EventDate "1991.??.??"]
[EventType "swiss"]
[EventRounds "9"]
[EventCountry "URS"]
[SourceTitle "EXT 2000"]
[Source "ChessBase"]
[SourceDate "1999.11.16"]
[SourceVersion "1"]
[SourceVersionDate "1999.11.16"]
[SourceQuality "1"]

1. d4 d5 2. c4 e6 3. Nc3 c6 4. Nf3 dxc4 5. a4 Bb4 6. e3 b5 7. Be2 Bb7 8. O-O a6
9. Qc2 Nd7 10. Rd1 Ngf6 11. e4 h6 12. Bf4 O-O 13. Ne5 Qb6 14. Nxd7 Nxd7 15. b3
c5 16. Be3 Nf6 17. bxc4 Bxc3 18. Qxc3 Nxe4 19. Qb2 b4 20. dxc5 Qa5 21. Bf3 Nxc5
22. Bxc5 Bxf3 23. Bxf8 Qg5 24. g3 Rxf8 25. Rd3 Qf5 26. Re3 Rb8 27. a5 Rb7 28.
Qe5 Qxe5 29. Rxe5 b3 30. Re3 Bc6 31. Rb1 Ba4 32. c5 Kf8 33. c6 Rc7 34. Rexb3
Bxb3 35. Rxb3 Rxc6 36. Rb6 Rc1+ 37. Kg2 g5 38. Rxa6 Ra1 39. h3 h5 40. Ra8+ Kg7
41. a6 g4 42. hxg4 hxg4 43. a7 Kf6 44. Rg8 Rxa7 1/2-1/2

[Event "EU-Cup Cheliabinsk-Petrosian"]
[Site "Cheliabinsk"]
[Date "1991.??.??"]
[Round "1"]
[White "Kharlov, Andrei"]
[Black "Smagin, Sergey"]
[Result "1-0"]
[WhiteElo "2515"]
[BlackElo "2535"]
[PlyCount "69"]
[EventDate "1991.??.??"]
[EventType "team"]
[EventRounds "2"]
[EventCountry "URS"]
[SourceTitle "CBM 026"]
[Source "ChessBase"]
[SourceDate "1992.02.01"]
[SourceVersion "1"]
[SourceVersionDate "1992.02.01"]
[SourceQuality "1"]

1. d4 Nf6 2. c4 e6 3. Nc3 Bb4 4. Qc2 O-O 5. a3 Bxc3+ 6. Qxc3 b6 7. Bg5 Bb7 8.
Nh3 h6 9. Bh4 d6 10. f3 Nbd7 11. Nf2 Qe8 12. e3 Nh7 13. Be2 f5 14. Nd3 c5 15.
Rg1 e5 16. dxe5 dxe5 17. Bg3 e4 18. Ne5 Ndf6 19. O-O-O Qe6 20. f4 Rfd8 21. Bh4
g5 22. g4 Rxd1+ 23. Bxd1 Rd8 24. gxf5 Qxf5 25. fxg5 hxg5 26. Be2 Re8 27. Bxg5
Nxg5 28. h4 Nfh7 29. Ng4 Re6 30. hxg5 Nxg5 31. Rh1 Kf8 32. Rh5 Qg6 33. Qh8+ Ke7
34. Ne5 Qf5 35. Qg7+ 1-0

[Event "EU-Cup Cheliabinsk-Petrosian"]
[Site "Cheliabinsk"]
[Date "1991.??.??"]
[Round "2"]
[White "Smagin, Sergey"]
[Black "Kharlov, Andrei"]
[Result "1-0"]
[WhiteElo "2535"]
[BlackElo "2515"]
[Annotator "Blatny,P"]
[PlyCount "71"]
[EventDate "1991.??.??"]
[EventType "team"]
[EventRounds "2"]
[EventCountry "URS"]
[SourceTitle "CBM 026"]
[Source "ChessBase"]
[SourceDate "1992.02.01"]
[SourceVersion "1"]
[SourceVersionDate "1992.02.01"]
[SourceQuality "1"]

1. e4 c5 2. Nf3 Nc6 3. d4 cxd4 4. Nxd4 Nf6 5. Nc3 e5 6. Ndb5 d6 7. Bg5 a6 8.
Na3 Be6 (8... b5 {><c4}) 9. Nc4 {/\><d6} Rc8 (9... Be7 10. Bxf6 gxf6 $8) 10.
Bxf6 gxf6 11. Nd5 {><b6} Bxd5 12. Qxd5 b5 13. Ne3 {><f5} Bh6 (13... Ne7 $142
14. Qd2 (14. Qd3 Bh6 15. Nd5 Nxd5 {קc2}) 14... Bh6) 14. Nf5 Nb4 15. Nxd6+ Kd7
(15... Kf8 16. Qxf7#) (15... Ke7 16. Qxf7+ Kxd6 17. Rd1+ Kc6 (17... Kc5 18.
Rxd8 Rhxd8 19. Qe7+ {פb4}) 18. Rxd8 Rhxd8 (18... Nxc2+ 19. Kd1 Rhxd8+ 20. Kxc2
Kb6+ 21. Kb3) 19. Bd3 $18 (19. Qxf6+ Rd6 20. Qxe5 Nxc2+ $40)) 16. Qxf7+ Kc6 (
16... Kxd6 17. Rd1+ $18) (16... Qe7 17. Qxe7+ Kxe7 18. Nxc8+ $18) 17. Qb7+ Kc5
(17... Kxd6 18. Rd1+ $18) 18. Rd1 {/\19.Nc8 Qc8 20.Qe7 +-} Nxc2+ 19. Ke2 Nd4+
20. Rxd4 (20. Kd3 $2 Kxd6 $19) 20... exd4 $8 (20... Kxd4 21. Qd5#) 21. Qd5+ Kb6
(21... Kb4 22. Qb3+ Ka5 (22... Kc5 23. Nb7+ $18) 23. Nb7+ $18) 22. Nxc8+ Qxc8
23. Qxd4+ Ka5 24. Kf3 {/\B/^f1-c4,d1-a4} (24. b4+ Ka4) 24... f5 {/\fe4 ->} 25.
g3 (25. exf5 Qxf5+ 26. Kg3 Rg8+ $19) (25. e5 Qc6+ $36 26. Kg3 (26. Ke2 Qc2+ 27.
Kf3 Qc6+) 26... f4+ $40) 25... Rd8 (25... Qc6 26. Bd3 fxe4+ 27. Bxe4 Rf8+ 28.
Kg2 $40) 26. b4+ Ka4 27. Qb6 {/\Qa5#} fxe4+ 28. Kg2 Kxb4 $8 29. Qxh6 $18 Qc3
30. Be2 {<->1} Rd2 31. Rb1+ Ka5 32. Rb3 Qc2 33. Ra3+ Kb4 34. Qxa6 Rxe2 35. Rb3+
Kc5 36. Rxb5+ (36. Rxb5+ Kd4 37. Qd6+ $18) 1-0

[Event "RSFSR-ch playoff"]
[Site "Rybinsk"]
[Date "1991.??.??"]
[Round "?"]
[White "Kharlov, Andrei"]
[Black "Sorokin, Maxim"]
[Result "0-1"]
[WhiteElo "2450"]
[BlackElo "2500"]
[PlyCount "80"]
[EventDate "1991.??.??"]
[EventType "tourn"]
[EventRounds "6"]
[EventCountry "URS"]
[EventCategory "10"]
[SourceTitle "CBM 021 ext"]
[Source "ChessBase"]
[SourceDate "1991.05.01"]
[SourceVersion "1"]
[SourceVersionDate "1991.05.01"]
[SourceQuality "1"]

1. c4 c6 2. e4 d5 3. exd5 cxd5 4. d4 Nf6 5. Nc3 Nc6 6. Bg5 Qa5 7. Bxf6 exf6 8.
cxd5 Bb4 9. Nge2 Qxd5 10. Qd2 Qd6 11. d5 Ne7 12. a3 Ba5 13. b4 Bb6 14. g3 a5
15. Rd1 axb4 16. axb4 O-O 17. Bg2 Rd8 18. Qb2 Bg4 19. O-O Nf5 20. Rd2 Qe5 21.
Ne4 Rac8 22. h3 Bxe2 23. Rxe2 Nxg3 24. Nxg3 Qxg3 25. Re7 Rc7 26. Rfe1 Rxe7 27.
Rxe7 Kf8 28. Re1 Rxd5 29. Qc2 g6 30. Kf1 Qd3+ 31. Qxd3 Rxd3 32. Bxb7 Rxh3 33.
Rd1 Ke7 34. Bc6 Rb3 35. b5 Rb2 36. f3 h5 37. Rd7+ Ke6 38. Rb7 Bc5 39. Be8 Rf2+
40. Ke1 Rxf3 0-1

[Event "Sao Paulo op"]
[Site "Sao Paulo"]
[Date "1991.??.??"]
[Round "2"]
[White "Toth, Peter"]
[Black "Kharlov, Andrei"]
[Result "0-1"]
[WhiteElo "2240"]
[BlackElo "2450"]
[PlyCount "78"]
[EventDate "1991.??.??"]
[EventType "swiss"]
[EventRounds "11"]
[EventCountry "BRA"]
[SourceTitle "EXT 1997"]
[Source "ChessBase"]
[SourceDate "1996.11.15"]
[SourceVersion "1"]
[SourceVersionDate "1996.11.15"]
[SourceQuality "1"]

1. d4 d5 2. Nf3 Nf6 3. c4 e6 4. Nc3 c6 5. cxd5 exd5 6. Bg5 h6 7. Bh4 Bf5 8. e3
Qb6 9. Qb3 Ne4 10. Nd2 Nxd2 11. Kxd2 Nd7 12. Be2 Bd6 13. g4 Bh7 14. Bg3 Qc7 15.
Qb4 Bxg3 16. hxg3 a5 17. Qb3 Qd6 18. Rac1 Nf6 19. Bf3 O-O 20. Ke1 Rae8 21. Kf1
Qd7 22. Qd1 Ne4 23. Rh4 f5 24. Bxe4 fxe4 25. Na4 Rf3 26. Kg2 Ref8 27. Rc2 R8f6
28. Qh1 Qf7 29. Qg1 g5 30. Rh2 Qd7 31. Qh1 Qxg4 32. Qe1 h5 33. Kh1 Bg6 34. Nb6
h4 35. gxh4 Rh3 36. Qf1 Rxh4 37. Rc1 Bh5 38. Qg2 Qxg2+ 39. Kxg2 Bf3+ 0-1

[Event "Sao Paulo op"]
[Site "Sao Paulo"]
[Date "1991.??.??"]
[Round "3"]
[White "Kharlov, Andrei"]
[Black "Camara, Helder"]
[Result "1-0"]
[WhiteElo "2450"]
[BlackElo "2325"]
[PlyCount "89"]
[EventDate "1991.??.??"]
[EventType "swiss"]
[EventRounds "11"]
[EventCountry "BRA"]
[SourceTitle "EXT 1997"]
[Source "ChessBase"]
[SourceDate "1996.11.15"]
[SourceVersion "1"]
[SourceVersionDate "1996.11.15"]
[SourceQuality "1"]

1. e4 c5 2. c3 Qa5 3. a3 e6 4. Nf3 Nc6 5. d4 Nxd4 6. Nxd4 cxd4 7. b4 Qe5 8.
Qxd4 Qc7 9. Nd2 Ne7 10. Nf3 Nc6 11. Qe3 a5 12. Bb2 Bd6 13. Be2 Bf4 14. Qd3 Ne5
15. Nxe5 Bxe5 16. g3 b6 17. O-O Ba6 18. b5 Bb7 19. Rab1 O-O 20. c4 f5 21. exf5
Rxf5 22. Bg4 Rf7 23. Bxe5 Qxe5 24. Rbd1 Raf8 25. Qd4 Qc7 26. Bh5 g6 27. Be2 Ba8
28. f4 d5 29. Bg4 Re7 30. Rfe1 Rfe8 31. cxd5 Bxd5 32. Rd2 Kf7 33. h4 Qc5 34.
Qxc5 bxc5 35. Rc1 c4 36. a4 Rc7 37. Rc3 Ke7 38. Be2 Rec8 39. Kf2 Kd6 40. Ke3
Kc5 41. Rdc2 Kd6 42. Kd4 Rc5 43. Bxc4 e5+ 44. fxe5+ Ke6 45. Ba2 1-0